Unabhängigkeit vom Vereinigten Königreich - Statistiken

Allgemein
  • Dieses Quiz wurde 37 mal gespielt
  • Das Durchschnittsergebnis liegt bei 34 aus 60
Antwortstatistiken
Hint Antwort % Korrekt
1776 Vereinigte Staaten von Amerika
94%
1901 Australien
91%
1867 Kanada
91%
1947 Indien
88%
1907 Neuseeland
88%
1922 Irland
84%
1962 Jamaika
81%
1910 Südafrika
78%
1960 Nigeria
75%
1979 St. Lucia
75%
1979 St. Vincent und die Grenadinen
75%
1970 Fidschi
72%
1983 St. Kitts und Nevis
72%
1973 Die Bahamas
69%
1957 Ghana
69%
1947 Pakistan
69%
1962 Trinidad und Tobago
69%
1981 Antigua und Barbuda
66%
1981 Belize
66%
1978 Tuvalu
66%
1966 Barbados
63%
1973 Grenada
63%
1963 Kenia
63%
1965 Simbabwe
63%
1956 Sudan
63%
1980 Vanuatu
63%
1978 Salomonen
59%
1970 Tonga
59%
1922 Ägypten
56%
1978 Dominica
56%
1948 Sri Lanka
56%
1932 Irak
53%
1964 Sambia
53%
1966 Guyana
50%
1979 Kiribati
50%
1957 Malaysia
50%
1965 Malediven
50%
1968 Mauritius
50%
1948 Myanmar
50%
1968 Nauru
50%
1965 Gambia
44%
1964 Malawi
44%
1976 Seychellen
44%
1948 Israel
41%
1964 Malta
41%
1961 Sierra Leone
41%
1960 Zypern
41%
1967 Jemen
38%
1946 Jordanien
38%
1961 Kuwait
38%
1970 Oman
38%
1968 Eswatini
34%
1971 Katar
34%
1966 Lesotho
34%
1961 Tansania
34%
1971 Bahrain
31%
1962 Vereinigte Arabische Emirate
31%
1984 Brunei
28%
1951 Libyen
28%
1966 Botsuana
16%
Keine übereinstimmenden Quizze gefunden
Verteilung der Resultate
Anzahl Personen mit jedem Resultat
Perzentil nach korrekt beantworteten Fragen
Ihre Resultats-Entwicklung
Sie haben dieses Quiz noch nicht gespielt